Normal view
MARC view
- Strutt & Parker Farm Research Group
Entry Corporate Name
001 - CONTROL NUMBER
- control field: 6000
003 - CONTROL NUMBER IDENTIFIER
- control field: OSt
005 - DATE AND TIME OF LATEST TRANSACTION
- control field: 20190806150248.0
008 - FIXED-LENGTH DATA ELEMENTS
- fixed length control field: 120106n| acannaabn |n ana d
040 ## - CATALOGING SOURCE
- Original cataloging agency: OSt
- Transcribing agency: OSt
110 2# - HEADING--CORPORATE NAME
- Corporate name or jurisdiction name as entry element: Strutt & Parker Farm Research Group
670 ## - SOURCE DATA FOUND
- Source citation: Health and Safety Update, 2012